000 00798nam a22002177a 4500
005 20180207114630.0
010 _a1718EN-30
020 _a9789332548206
_c659.00
035 _aB-684232-233
037 _bBSB
_adpl
082 _a658.5
100 _aShah, Janat
245 _aSupply chain management :
_cby Janat Shah
_btext and cases /
250 _a2nd ed
260 _c2016
_aNoida
_bPearson India
270 _a15th Floor,, Tower-B, World Trade, Plot No.1, Block-C, Sector-16,
_bNoida
_e201301
300 _c27cm(pbk)
_axxii,480p. :
_bill.
500 _aIncludes index
942 _cEN
_2ddc
_mSHA
_h658.5
999 _c144340
_d144340